00333pab a2200133 454500008004000000100002000040245006000060260000900120300001300129362000800142650002100150650001000171773001800181180718b1998 xxu||||| |||| 00| 0 eng d aBanerjee, Mukta aWomen in local governance: macro myths, micro realities c1998 ap.87-100 aMar aLocal government aWomen aSocial Change